000
00561nam a22001457a 4500
020
_a
9789351115137
082
_a
791.4
100
_a
Sonia Mahajan
245
_a
Radio and television communication
260
_a
New Delhi
_b
Randon publications
_c
2015
300
_a
283p
942
_c
BK
999
_c
2576
_d
2576